Introdução à história (Registo nº 201037)

Detalhes MARC
000 -Etiqueta do registo
Valores 00681nam 22002173 4500
100 ## - Dados gerais de processamento
Dados gerais 20260306d u||y0pory50 ba
200 ## - Titulo e menção de responsabilidade
Título próprio Introdução à história
Primeira menção de responsabilidade Marc Bloch
Outras menções de responsabilidade tradução de Maria Manuel Miguel, Rui Grácio
210 ## - Publicação
Local de publicação Mem Martins
Nome do editor Europa-América
Data de publicação [19--?]
215 ## - Descrição física 
Paginação / Volumes 379, [7] p.
Outras indicações físicas brochado
Dimensões 18 cm
225 ## - Colecção 
Título próprio da colecção Saber
Indicação de volume 59
606 ## - Nome comum usado como assunto
ID Autoridade 5483
Palavra de ordem Ciência da História
Subdivisão assunto Historiografia
610 ## - Termos não controlados
Palavra de ordem História -- teoria
675 ## - CDU
Notação 930
Edição PT
Língua por
700 ## - Autor principal (pessoa individual)
ID Autoridade 5779
Apelido Bloch
Nome Marc
702 ## - Autor secundário (pessoa individual)
ID Autoridade 16705
Apelido Miguel
Nome Maria Manuel
702 ## - Autor secundário (pessoa individual)
ID Autoridade 16706
Apelido Grácio
Nome Rui
801 ## - Fonte de origem
País PT
Agência BMMN
Regras de catalogação RPC
830 ## - Notas gerais do catalogador
Criado por Ana Falardo
Indexado por Ana Falardo
990 ## - Elementos KOHA
Tipo de documento Livro
Exemplares
Situação do levantamento Biblioteca de origem Código de barras Cota Permissão de empréstimo Tipo de documento Nota relativa ao exemplar Forma de aquisição
  Biblioteca Municipal de Montemor-o-Novo 30315 930 BLO|SAF   Livro Acesso Condicionado Oferta

Powered by Koha